Formula 1 Quiz 2022 (prior to Canada) - Statistics

General Stats
  • This quiz has been taken 66 times
  • The average score is 6 of 8
Answer Stats
Question Answer % Correct
The Bahrain Grand Prix in 2021 was when how many drivers competed in their very first F1 grand prix? 3
100%
How many DRS zones are in the Miami International Autodrome? 3
100%
What Australian city is the Australian Grand Prix held? Melbourne
93%
When was the last time Imola hosted a grand prix prior to 2020? 2006
86%
Who basically received 'redemption' at Baku after what happened in 2021? Max Verstappen
79%
A massive explosion during the Saudi Arabia Grand Prix obviously left the teams thinking if the race was gonna be held or not. Fortunately, the FIA resumed the race. But, what practice session did the explosion occur? Free Practice 2
72%
When was the first Spanish Grand Prix held at the Circuit de Barcelona-Catalunya? 1991
66%
Name the corner in Monaco that leads you straight to the tunnel. Portier
17%
No matching quizzes found
Score Distribution
Percent of People with Each Score
Percentile by Number Answered
Your Score History
You have not taken this quiz